Chile: el segundo suicidio de la centroizquierda /

Bewaard in:
Bibliografische gegevens
Hoofdauteur: Ominami, Carlos
Formaat: Boek
Taal:Spanish
Tags: Voeg label toe
Geen labels, Wees de eerste die dit record labelt!

MARC

LEADER 00000nam a22000007a 4500
003 cru CIDCACS/IIS
005 20180523151612.0
007 ta
008 180523s2018 |||p|r||||||0| ||spa||
999 |c 41456  |d 41456 
040 |c cru CIDCACS/IIS 
100 1 |9 7250  |a Ominami, Carlos 
245 1 |a Chile:  |b el segundo suicidio de la centroizquierda /  |c Carlos Ominami 
300 |a páginas 4-12 
773 0 |0 19022  |9 2032  |a Fundación Friedrich Ebert  |d Fundación Friedrich Ebert; Nueva Sociedad  |o 18799  |t Nueva Sociedad / 
942 |2 ddc  |c PP